000 00362cam a22001217a 4500
008 180718b1985 xxu||||| |||| 00| 0 eng d
082 _aY15x5451 Ea76
100 _aEashvaraiah, P.
245 _aPolitical dimension of land reforms in India
_cby P. Eashvaraiah
260 _aDelhi
_bAshish
_c1985
300 _a136p.
650 _aLand tenure - India - Andhra Pradesh
999 _c343458
_d343458